01224agaaa2200241 45000010005000000030009000050050017000140070009000310080040000400400023000800410013001031000048001161300033001642450130001972500022003272600129003493000033004785200305005115380016008165460013008326500077008457000060009229216IT-RoPAU20220918181307.0d cvaizq50131s9999||||xx ||| | || ||und|| aIT-RoPAUcIT-RoPAU aITALIANO aMandlin HarveygCodice regista SPICS: 27796 aPER UN MINUTO DI PUBBLICITA' aPER UN MINUTO DI PUBBLICITA'cDiretto da: Mandlin HarveypPER UN MINUTO DI PUBBLICITA' (Rif. Codice opera principale : 79216) aEdizione Standard aROMA (STATI UNITI)bSAMPAOLO FILM AUDIOVISIVI / Distribuzione: MASTER VIDEOg"1977 (1° ed.: 1986 ; Ed. Lingua Orig.: 1977)" aVHSbsonoro, col.c27 minuti aSTORIA DI UNO SHORT PUBBLICITARIO DAL MOMENTO IN CUI VIENE PENSATO ALLA SUA CONFEZIONE FINALE IN QUESTO ITER VENGONO MOSTRATI IN MODO ASSAI BRILLANTETUTTI GLI ASPETTI PRATICI DELLA PRODUZIONE DI UN FILM DALLA SCENEGGIATURA ALLA RICERCA DEGLI ATTORI ALLE PROVE DEI COSTUMI AI SOPRALLUOGHI ALLE RIPRESE aPAL, STEREO aITALIANO aDIDATTICOeTV-PROGRAMMI DI PUBBLICITA' [VHS]xCodice MATERIA SPICS: 9968 aMandlin Harvey e(regista)gCodice regista SPICS: 27796